| 000 | 00580ntaaa2200181 4500 | ||
|---|---|---|---|
| 003 | 01 | ||
| 005 | 20251027203032.0 | ||
| 008 | 0714s1973 ag 01 | ||
| 040 |
_aAR-BaBN _bspa _cAR-BaBN _eaacr _dRIC |
||
| 082 | _a267.4000 C15 | ||
| 100 |
_aCampbell, Viola _920426 |
||
| 245 | _aManual para las sociedades femeniles misioneras afiliadas a la Unión Nacional Femenil Bautista Misionera, auxiliar de la Convención Nacional Bautista de México | ||
| 250 | _a1 ed. | ||
| 260 |
_aMexico : _bs.d, _c1945 |
||
| 300 | _a52 p | ||
| 650 |
_aSociedad Femenil Misionera _910447 |
||
| 942 | _cBK | ||
| 999 |
_c25703 _d25703 |
||